UK Towns Quiz - East Dunbartonshire - Scotland - Statistics

General Stats
  • This quiz has been taken 29 times
  • The average score is 7 of 9
Answer Stats
Clue Town Population % Correct
B Bearsden 28,486
100%
B Bishopbriggs 23,753
100%
K Kirkintilloch 22,037
100%
M Milngavie 12,765
94%
L Lenzie 8,291
89%
M Milton of Campsie 3,829
61%
T Torrance 2,325
61%
T Twechar 1,323
56%
L Lennoxtown 4,184
44%
No matching quizzes found
Score Distribution
Percent of People with Each Score
Percentile by Number Answered
Your Score History
You have not taken this quiz